书目信息 |
| 题名: |
SPSS统计分析方法及应用
|
|
| 作者: | 薛薇 编著 | |
| 分册: | ||
| 出版信息: | 北京 电子工业出版社 2009 |
|
| 页数: | 13, 484页 | |
| 开本: | 24cm | |
| 丛书名: | 北京高等教育精品教材 | |
| 单 册: | ||
| 中图分类: | C819 | |
| 科图分类: | ||
| 主题词: | 统计分析--tong ji fen xi--高等学校--软件包, SPSS--教材 | |
| 电子资源: | ||
| ISBN: | 978-7-121-06966-6 | |
| 000 | 01090nam 2200265 450 | |
| 001 | 212004043824 | |
| 005 | 20181212103417.98 | |
| 010 | @a978-7-121-06966-6@dCNY49.00 (含光盘)@z7-121-06966-0 | |
| 100 | @a20090908d2009 em y0chiy0121 ea | |
| 101 | 0 | @achi |
| 102 | @aCN@b110000 | |
| 105 | @aa z 000yy | |
| 200 | 1 | @aSPSS统计分析方法及应用@Aspss tong ji fen xi fang fa ji ying yong@f薛薇编著 |
| 205 | @a2版 | |
| 210 | @a北京@c电子工业出版社@d2009 | |
| 215 | @a13, 484页@c图@d24cm@e光盘1片 | |
| 225 | 2 | @a北京高等教育精品教材@Abei jing gao deng jiao yu jing pin jiao cai |
| 330 | @a本书以统计分析的应用需求为主线, 以通俗易懂的语言对SPSS中的主要统计分析方法的核心思想进行了系统的介绍, 并对方法在SPSS中的操作实现步骤进行了详尽说明, 同时配合应用案例分析, 使读者能够较快领会方法的要点, 掌握方法的实现操作, 明确方法的适应特点。 | |
| 333 | @a一般读者 | |
| 410 | 0 | @12001 @a北京高等教育精品教材 |
| 606 | 0 | @a统计分析@Atong ji fen xi@x高等学校@x软件包, SPSS@j教材 |
| 690 | @aC819@v4 | |
| 701 | 0 | @a薛薇@Axue wei@4编著 |
| 801 | 0 | @aCN@b海天@c20090914 |
| 905 | @dC819@eX967@fC819/X967 | |
| SPSS统计分析方法及应用/薛薇编著.-2版.-北京:电子工业出版社,2009 |
| 13, 484页:图;24cm+光盘1片.-(北京高等教育精品教材) |
| 使用对象:一般读者 |
| ISBN 978-7-121-06966-6:CNY49.00 (含光盘) |
| 本书以统计分析的应用需求为主线, 以通俗易懂的语言对SPSS中的主要统计分析方法的核心思想进行了系统的介绍, 并对方法在SPSS中的操作实现步骤进行了详尽说明, 同时配合应用案例分析, 使读者能够较快领会方法的要点, 掌握方法的实现操作, 明确方法的适应特点。 |
| ● |
| 相关链接 |
|
|
|
正题名:SPSS统计分析方法及应用
索取号:C819/X967
 
预约/预借
| 序号 | 登录号 | 条形码 | 馆藏地/架位号 | 状态 | 备注 |
| 1 | 1282195 | 212821954 | 社科库509/509社科库 55排8列6层/ [索取号:C819/X967] | 在馆 | |
| 2 | 878457 | 208784573 | 社科库509/509社科库 55排8列6层/ [索取号:C819/X967] | 在馆 | |
| 3 | 878458 | 208784582 | 社科库509/509社科库 55排8列6层/ [索取号:C819/X967] | 在馆 | |
| 4 | 878459 | 208784591 | 社科库509/509社科库 55排8列6层/ [索取号:C819/X967] | 在馆 |